[Event "Hillerod op"]
[Site "Hillerod"]
[Date "2021.09.21"]
[Round "7"]
[White "Lavrsen, Frands Winther"]
[Black "Rabjerg, Hans Rasmus"]
[Result "1-0"]
[WhiteElo "1826"]
[BlackElo "1591"]
[PlyCount "41"]
[EventDate "2021.09.21"]
[EventType "swiss (rapid)"]
[EventRounds "7"]
[EventCountry "DEN"]
[SourceTitle "EXT 2025"]
[Source "ChessBase"]
[SourceDate "2024.10.14"]
[SourceVersion "1"]
[SourceVersionDate "2024.10.14"]
[SourceQuality "1"]

1. d4 g6 2. Bf4 Bg7 3. e3 d6 4. Bd3 Nd7 5. Nf3 e5 6. Bg3 f5 7. Bc4 Nb6 8. Bxg8 Rxg8 9. dxe5 Nc4 10. Qd5 Rf8 11. Qxc4 d5 12. Qb3 c5 13. Qb5+ Bd7 14. Qxc5 Rc8 15. Qxd5 Qb6 16. Qb3 Qa6 17. Nd4 Qa5+ 18. Nc3 Bxe5 19. Bxe5 Qxe5 20. 0-0-0 Rf6 21. Qg8+ 1-0

[Event "Hillerod CC-chB"]
[Site "Hillerod"]
[Date "2020.10.20"]
[Round "5"]
[White "Rabjerg, Hans Rasmus"]
[Black "Balslev, Peter"]
[Result "1/2-1/2"]
[WhiteElo "1610"]
[BlackElo "1751"]
[PlyCount "105"]
[EventDate "2020.09.15"]
[EventType "tourn"]
[EventRounds "7"]
[EventCountry "DEN"]
[SourceTitle "EXT 2024"]
[Source "ChessBase"]
[SourceDate "2023.10.10"]
[SourceVersion "1"]
[SourceVersionDate "2023.10.10"]
[SourceQuality "1"]

1. e4 c5 2. Nf3 e6 3. Nc3 Nc6 4. Bb5 a6 5. Bxc6 bxc6 6. 0-0 d5 7. d3 Rb8 8. Ne5 Qc7 9. f4 Bd6 10. Kh1 Rb7 11. Qg4 f5 12. Qh5+ g6 13. Nxg6 Qf7 14. exf5 Nf6 15. Qh3 Rg8 16. Ne5 Qg7 17. Nxc6 exf5 18. Re1+ Kf8 19. Nd8 Re7 20. Bd2 d4 21. Na4 Ng4 22. Qf3 Ne3 23. Bxe3 dxe3 24. Nb6 Bb7 25. Nxb7 Rxb7 26. Nc4 Bxf4 27. g3 Bb8 28. Qxf5+ Qf7 29. Qc8+ Kg7 30. Qg4+ Kh8 31. Qe2 Re7 32. Rf1 Qd5+ 33. Qf3 Qd4 34. Qf6+ Qxf6 35. Rxf6 Kg7 36. Rf3 e2 37. Re3 Rxe3 38. Nxe3 Re8 39. Ng2 Be5 40. c3 Bf6 41. h4 Be5 42. Kh2 Rf8 43. Re1 Rf2 44. Kh3 h5 45. Nf4 Bxf4 46. gxf4 Rxf4 47. Rxe2 Rf3+ 48. Kg2 Rxd3 49. Rc2 Kf6 50. b4 cxb4 51. cxb4 Ra3 52. Kf2 Kf5 53. Kg2 1/2-1/2

[Event "Hillerod CC-chB"]
[Site "Hillerod"]
[Date "2020.10.13"]
[Round "1"]
[White "Sorensen, Bernhard"]
[Black "Rabjerg, Hans Rasmus"]
[Result "1-0"]
[WhiteElo "1655"]
[BlackElo "1610"]
[PlyCount "63"]
[EventDate "2020.09.15"]
[EventType "tourn"]
[EventRounds "7"]
[EventCountry "DEN"]
[SourceTitle "EXT 2024"]
[Source "ChessBase"]
[SourceDate "2023.10.10"]
[SourceVersion "1"]
[SourceVersionDate "2023.10.10"]
[SourceQuality "1"]

1. d4 Nf6 2. Bf4 d6 3. e3 Nbd7 4. Nd2 e5 5. dxe5 Nxe5 6. h3 Bf5 7. Ngf3 Ng6 8. Bh2 Be7 9. Nd4 Bd7 10. Bd3 Ne5 11. Bf5 0-0 12. Bxd7 Qxd7 13. 0-0 Rfe8 14. Qe2 Bf8 15. Rfd1 c5 16. N4f3 Nxf3+ 17. Qxf3 Qb5 18. b3 Rad8 19. c4 Qd7 20. Nb1 Ne4 21. Rd3 Qe6 22. Nc3 Nxc3 23. Rxc3 d5 24. Rd1 d4 25. Rcd3 Bd6 26. Bxd6 Rxd6 27. exd4 cxd4 28. Qxb7 Rd7 29. Qb4 Qf6 30. Qd2 Rde7 31. Rxd4 Re2 32. Qxe2 1-0

[Event "Hillerod CC-ch Gr1"]
[Site "Hillerod"]
[Date "2019.03.05"]
[Round "5"]
[White "Nygaard, Soren"]
[Black "Rabjerg, Hans Rasmus"]
[Result "1-0"]
[WhiteElo "1704"]
[BlackElo "1672"]
[PlyCount "95"]
[EventDate "2019.01.08"]
[EventType "tourn"]
[EventRounds "7"]
[EventCountry "DEN"]
[SourceTitle "EXT 2021"]
[Source "ChessBase"]
[SourceDate "2020.10.23"]
[SourceVersion "1"]
[SourceVersionDate "2020.10.23"]
[SourceQuality "1"]

1. d4 d5 2. c4 Nc6 3. Nf3 Bg4 4. cxd5 Bxf3 5. dxc6 Bxc6 6. Nc3 Nf6 7. Bg5 Ne4 8. Nxe4 Bxe4 9. f3 Bg6 10. e4 c6 11. Bc4 Qb6 12. Qb3 Qxb3 13. Bxb3 e6 14. Kf2 Be7 15. Be3 0-0 16. h4 h5 17. Rag1 a5 18. a3 a4 19. Ba2 b5 20. g4 Kh7 21. Bb1 Rfd8 22. f4 f6 23. f5 exf5 24. exf5 Bf7 25. g5 Kh8 26. Be4 Bd5 27. Kf3 b4 28. axb4 Bxb4 29. gxf6 gxf6 30. Rg6 a3 31. bxa3 Rxa3 32. Rhg1 Rd7 33. Bxd5 cxd5 34. Rxf6 Bd2 35. Rh6+ Rh7 36. Re6 Rxe3+ 37. Rxe3 Bxe3 38. Kxe3 Re7+ 39. Kf4 Re4+ 40. Kg5 Rxd4 41. Ra1 Rg4+ 42. Kxh5 Rg8 43. Ra7 Rd8 44. Kg6 Rd6+ 45. f6 Rd8 46. Rh7+ Kg8 47. f7+ Kf8 48. Rh8+ 1-0

[Event "Hillerod CC-chB"]
[Site "Hillerod"]
[Date "2018.01.02"]
[Round "1"]
[White "Rabjerg, Hans Rasmus"]
[Black "Lavrsen, Frands Winther"]
[Result "0-1"]
[WhiteElo "1639"]
[BlackElo "1722"]
[PlyCount "58"]
[EventDate "2018.01.02"]
[EventType "tourn"]
[EventRounds "7"]
[EventCountry "DEN"]
[SourceTitle "EXT 2020"]
[Source "ChessBase"]
[SourceDate "2019.10.17"]
[SourceVersion "1"]
[SourceVersionDate "2019.10.17"]
[SourceQuality "1"]

1. c4 Nc6 2. g3 Nf6 3. Bg2 d5 4. cxd5 Nxd5 5. Nc3 Nb6 6. Nf3 e5 7. 0-0 Be7 8. d3 0-0 9. a3 a5 10. Bd2 Be6 11. Rc1 a4 12. Ne4 Bb3 13. Qe1 Nd7 14. e3 f5 15. Nc3 Nc5 16. Qe2 Nxd3 17. Nb5 Nxc1 18. Rxc1 e4 19. Nfd4 Nxd4 20. exd4 c6 21. Nc3 Qxd4 22. Be3 Qd3 23. Qh5 Rad8 24. Ne2 Bd1 25. Bf1 g6 26. Nf4 Qxf1+ 27. Kxf1 Bxh5 28. Kg2 Bf3+ 29. Kh3 g5 0-1

[Event "Hillerod op"]
[Site "Hillerod"]
[Date "2015.10.08"]
[Round "6"]
[White "Petersen, Albert Emil Lyng"]
[Black "Rabjerg, Hans Rasmus"]
[Result "1-0"]
[WhiteElo "1705"]
[BlackElo "1531"]
[PlyCount "87"]
[EventDate "2015.09.08"]
[EventType "swiss"]
[EventRounds "7"]
[EventCountry "DEN"]
[SourceTitle "EXT 2024"]
[Source "ChessBase"]
[SourceDate "2023.10.10"]
[SourceVersion "1"]
[SourceVersionDate "2023.10.10"]
[SourceQuality "1"]

1. e4 e6 2. d3 c5 3. Nf3 Nc6 4. g3 Be7 5. Bg2 h5 6. h4 d5 7. Nbd2 Nf6 8. Qe2 Nb4 9. Qd1 d4 10. a3 Nc6 11. 0-0 e5 12. Nc4 Ng4 13. a4 f6 14. Nh2 Be6 15. Bf3 Qd7 16. Bxg4 hxg4 17. b3 Kf7 18. Bd2 Bd6 19. Na5 Nxa5 20. Bxa5 b6 21. Bd2 Rag8 22. a5 b5 23. Qe2 Ke8 24. Rfb1 g5 25. hxg5 Qh7 26. f3 gxf3 27. Nxf3 fxg5 28. Qg2 g4 29. Ng5 Qd7 30. Rf1 Be7 31. Nxe6 Qxe6 32. Rf5 Rh3 33. Kf2 Rgh8 34. Kg1 Rh1+ 35. Qxh1 Rxh1+ 36. Kxh1 Kd7 37. Kg2 Kd6 38. Rh1 Kd7 39. Rh6 Qg8 40. Rxe5 c4 41. Rd5+ Kc8 42. bxc4 a6 43. Rxa6 bxc4 44. Ra8+ 1-0

[Event "Hillerod Byturnering D"]
[Site "Hillerod"]
[Date "2015.??.??"]
[Round "4"]
[White "Rabjerg, Hans Rasmus"]
[Black "Rasmussen, Ole H"]
[Result "0-1"]
[WhiteElo "1515"]
[BlackElo "1639"]
[PlyCount "72"]
[EventDate "2015.04.28"]
[EventType "tourn"]
[EventRounds "7"]
[EventCountry "DEN"]
[SourceTitle "EXT 2024"]
[Source "ChessBase"]
[SourceDate "2023.10.10"]
[SourceVersion "1"]
[SourceVersionDate "2023.10.10"]
[SourceQuality "1"]

1. e4 d6 2. f4 c5 3. Nc3 Nc6 4. Nf3 Bg4 5. Bb5 a6 6. Bxc6+ bxc6 7. 0-0 g6 8. Qe1 Bg7 9. d3 Nf6 10. Qh4 Nh5 11. Qxg4 0-0 12. f5 Nf6 13. Qh3 Qb6 14. fxg6 hxg6 15. Ng5 c4+ 16. d4 Nh5 17. g4 Bxd4+ 18. Kg2 f6 19. Ne6 Ng7 20. Nxf8 Rxf8 21. Ne2 Be5 22. Nf4 Bxf4 23. Bxf4 Qd4 24. Qf3 Qxb2 25. Bh6 Qxc2+ 26. Rf2 Qa4 27. Bxg7 Kxg7 28. Qc3 Qb5 29. Rc1 Qg5 30. Kg3 Rh8 31. Kf3 Rh3+ 32. Ke2 Rxc3 33. Rxc3 Qxg4+ 34. Ke3 d5 35. exd5 cxd5 36. Rfc2 d4+ 0-1

[Event "Hillerod op"]
[Site "Hillerod"]
[Date "2014.??.??"]
[Round "4"]
[White "Jarulf, Birger"]
[Black "Rabjerg, Hans Rasmus"]
[Result "0-1"]
[WhiteElo "1738"]
[BlackElo "1193"]
[PlyCount "118"]
[EventDate "2014.08.26"]
[EventType "swiss"]
[EventRounds "7"]
[EventCountry "DEN"]
[SourceTitle "EXT 2024"]
[Source "ChessBase"]
[SourceDate "2023.10.10"]
[SourceVersion "1"]
[SourceVersionDate "2023.10.10"]
[SourceQuality "1"]

1. d4 e6 2. Nf3 d5 3. Bf4 c5 4. c3 Nc6 5. e3 Qb6 6. Qb3 Qxb3 7. axb3 cxd4 8. exd4 Bd7 9. b4 Nf6 10. Nbd2 Be7 11. Bd3 0-0 12. 0-0 a6 13. h3 Na7 14. Rfe1 Bb5 15. Bc2 Nd7 16. Ng5 h6 17. Ngf3 Nc6 18. Nb3 b6 19. Nbd2 a5 20. bxa5 Rxa5 21. Bb3 Rfa8 22. Rxa5 bxa5 23. Ne5 Ndxe5 24. dxe5 a4 25. Ba2 a3 26. b3 Rc8 27. Nb1 Bd3 28. Bd2 d4 29. f4 dxc3 30. Nxc3 Nb4 31. Bb1 Bxb1 32. Rxb1 f6 33. Ra1 Bc5+ 34. Kf1 Bd4 35. Rxa3 Bxc3 36. Ke1 Bxd2+ 37. Kxd2 Rc2+ 38. Ke3 Rxg2 39. Kf3 Rb2 40. exf6 gxf6 41. Kg4 Kh7 42. Kh5 Ra2 43. Ra4 Rxa4 44. bxa4 Kg7 45. a5 e5 46. Kg4 e4 47. f5 h5+ 48. Kf4 Kh6 49. h4 Kg7 50. Kxe4 Kf7 51. Ke3 Ke7 52. Kd2 Kd6 53. Kc3 Na6 54. Kc4 Kc6 55. Kd4 Kd6 56. Ke4 Kc5 57. Ke3 Nc7 58. Ke4 Kb5 59. a6 Kxa6 0-1

[Event "Hillerod op"]
[Site "Hillerod"]
[Date "2014.??.??"]
[Round "6"]
[White "Rabjerg, Hans Rasmus"]
[Black "Hein, Jacob"]
[Result "1-0"]
[WhiteElo "1193"]
[BlackElo "1450"]
[PlyCount "65"]
[EventDate "2014.08.26"]
[EventType "swiss"]
[EventRounds "7"]
[EventCountry "DEN"]
[SourceTitle "EXT 2024"]
[Source "ChessBase"]
[SourceDate "2023.10.10"]
[SourceVersion "1"]
[SourceVersionDate "2023.10.10"]
[SourceQuality "1"]

1. Nf3 Nf6 2. c4 e6 3. d4 d5 4. Nc3 c6 5. Bf4 Bd6 6. g3 Bxf4 7. gxf4 Nh5 8. e3 dxc4 9. Bxc4 b5 10. Bd3 g6 11. Qb3 a5 12. Be4 Nf6 13. 0-0-0 b4 14. d5 bxc3 15. dxe6 cxb2+ 16. Kxb2 Qe7 17. exf7+ Kf8 18. Qc3 Qb4+ 19. Qxb4+ axb4 20. Rd8+ Kg7 21. Rxh8 Rxa2+ 22. Kb1 Kxf7 23. Kxa2 Be6+ 24. Kb2 Nxe4 25. Rxb8 Nxf2 26. Ng5+ Ke7 27. Rg1 Nd3+ 28. Kc2 Bc4 29. Rb7+ Kd6 30. Ne4+ Kd5 31. Nd2 Bb5 32. Rxb5+ cxb5 33. Kxd3 1-0

[Event "Hillerod op"]
[Site "Hillerod"]
[Date "2014.??.??"]
[Round "2"]
[White "Rabjerg, Hans Rasmus"]
[Black "Rasmussen, Ole H"]
[Result "0-1"]
[WhiteElo "1193"]
[BlackElo "1717"]
[PlyCount "68"]
[EventDate "2014.08.26"]
[EventType "swiss"]
[EventRounds "7"]
[EventCountry "DEN"]
[SourceTitle "EXT 2024"]
[Source "ChessBase"]
[SourceDate "2023.10.10"]
[SourceVersion "1"]
[SourceVersionDate "2023.10.10"]
[SourceQuality "1"]

1. e4 c5 2. Bc4 Nc6 3. Nc3 Nf6 4. Nf3 d6 5. d4 cxd4 6. Nxd4 g6 7. Nxc6 bxc6 8. Bf4 Qa5 9. f3 Bg7 10. 0-0 0-0 11. Qd2 Qc5+ 12. Rf2 Qxc4 13. Re1 Nh5 14. Bh6 Qc5 15. Bxg7 Nxg7 16. f4 Rb8 17. Na4 Qb4 18. b3 Ne6 19. f5 Qxd2 20. Rxd2 Nf4 21. Kf2 Nh5 22. g4 Nf6 23. g5 Nd7 24. Rde2 Ne5 25. Kg3 gxf5 26. Nc3 fxe4 27. Nxe4 Bf5 28. Kf4 Bxe4 29. Rxe4 f6 30. Ke3 fxg5 31. Rg1 h6 32. h4 g4 33. c4 h5 34. Kd2 Nf3+ 0-1